000 00316nam a2200133Ia 4500
008 240112s1975 xx 000 0 und d
022 _a08151-7421X
041 _aeng
082 _a616.05
100 _aROGERS D.E.
245 _aYEAR BOOK OF MEDICINE
260 _bYEAR BOOK OF MED.PUB.
_c1975
300 _a740,HB
999 _c1140943
_d1140943